000 00513nam a2200169 i 4500
001 142673
003 ES-MaACL
005 20230906200605.0
007 t|
008 071009s1958 sp ||||1| spa d
080 _a86.0(72)-34"19"
100 1 _aVilchis Baz, Carmen.
_9114851
245 1 0 _aBenito :
_b(certamen del cuento mexicano convocado por el Ateneo Mexicano de Mujeres) /
_cCarmen Vilchis Baz.
260 _aMéxico :
_bJus,
_c1958.
300 _a31 p. :
_bil. ;
_c30 cm.
852 4 _aES-MaACL
_jF-15361
999 _c142673
_d142673